00730 2200229 4500001002100000005001500021035002000036007000300056008004100059020001800100082001100118084001700129100003100146245005100177250001000228260002800238300003600266500013500302650003800437856001700475990000800492INLIS00000000000010520220128081449 a0010-0122000105ta220128 g 0 ind  a9786021310373 a006.66 a006.66 ALE l0 aAlexius Satyo Widijanuarto1 a5 Menit Manipulasi Foto Keren Dengan Photoshop aed. 1 aJakarta :bPrima,c2014 a108 hlm :bfoto ;c17.5 x 24 cm aBuku ini menyampaikan langkah-langkah singkat dan praktis dalam memanipulasi foto dengan aolikasi adobe photoshop secara otodidak. 4aPemrograman untuk Komputer Grafis aKoleksi Umum a227